logo

Bir Sreshtho Munshi Abdur Rouf Library
Jhenaidah Cadet College

Harbrace college reader / (Record no. 7570)

MARC details
000 -LEADER
fixed length control field 00798cam a2200289 a 4500
001 - CONTROL NUMBER
JCCL Control Number 7570
003 - CONTROL NUMBER IDENTIFIER
JCCL marc code BD-JhCC
005 - DATE AND TIME OF LATEST TRANSACTION
control field 20181006180858.0
008 - FIXED-LENGTH DATA ELEMENTS--GENERAL INFORMATION
fixed length control field 830720s1984 cau 001 0 eng
020 ## - INTERNATIONAL STANDARD BOOK NUMBER
International Standard Book Number 0155314750 (pbk.)
035 ## - SYSTEM CONTROL NUMBER
system control number (BD-JhCC)7570
040 ## - CATALOGING SOURCE
Original cataloging agency DLC
Transcribing agency DLC
Modifying agency DLC
-- BD-JhCC
041 ## - LANGUAGE CODE
Language code of Book eng
050 00 - LIBRARY OF CONGRESS CALL NUMBER
Classification number PE1122
Item number .H35 1984
082 00 - DEWEY DECIMAL CLASSIFICATION NUMBER
Classification number 808/.0427
DDC Edition number 19
Author mark and Year SCH 1964
100 ## - MAIN ENTRY--PERSONAL NAME
Personal name Schorer, Mark,
245 00 - TITLE STATEMENT
Title Harbrace college reader /
Statement of responsibility, etc Mark Schorer, Philip Durham and Everett L. Jones
250 ## - EDITION STATEMENT
Edition statement 4th ed.
260 ## - PUBLICATION, DISTRIBUTION, ETC. (IMPRINT)
Place of publication, distribution, etc San Diego :
Name of publisher, distributor, etc Harcourt Brace Jovanovich,
Date of publication, distribution, etc c1984.
300 ## - PHYSICAL DESCRIPTION
Pagination xii, 526 p. ;
Dimensions 23 cm.
500 ## - GENERAL NOTE
General note Includes indexes.
650 #0 - SUBJECT ADDED ENTRY--TOPICAL TERM
Topical term or geographic name as entry element College readers.
700 ## - ADDED ENTRY--PERSONAL NAME
Personal name Durham, Philip
700 ## - ADDED ENTRY--PERSONAL NAME
Personal name Jones, Everett L.
942 ## - ADDED ENTRY ELEMENTS (KOHA)
Source of classification or shelving scheme Dewey Decimal Classification
Koha item type Books
Holdings
Source of classification or shelving scheme Damaged status Not for loan Home library Current library Shelving location Total Checkouts Full call number Barcode Date last seen Copy number Koha item type
Dewey Decimal Classification     JCC Rouf Library JCC Rouf Library General Stacks   808/.0427 SCH 1964 8825 02/11/2018 C - 1 Books

JCC Library | Contacts | JCC Home

Last Update on 23 September 2017
Copyright @ 2017-2020 JCC Rouf Library
Rouf Library, Jhenidah Cadet College (JCC), Bangladesh